International watercourses: enhancing cooperation and managing conflict: proceedings of a World Bank seminar (Record no. 47508)

MARC details
000 -LEADER
fixed length control field 00982nam a2200229 a 4500
008 - FIXED-LENGTH DATA ELEMENTS--GENERAL INFORMATION
fixed length control field 081029s1998 ||||||||||||||||| || u
020 ## - INTERNATIONAL STANDARD BOOK NUMBER
International Standard Book Number 0821342983
050 ## - LIBRARY OF CONGRESS CALL NUMBER
Classification number IBRD(08)TP
100 ## - MAIN ENTRY--PERSONAL NAME
Personal name Salman, Salman M. A
245 10 - TITLE STATEMENT
Title International watercourses: enhancing cooperation and managing conflict: proceedings of a World Bank seminar
Statement of responsibility, etc. Edited by Salman M. A. Salman and Laurence Boisson de Chazournes
260 ## - PUBLICATION, DISTRIBUTION, ETC.
Place of publication, distribution, etc. Washington, D.C.
Name of publisher, distributor, etc. World Bank
Date of publication, distribution, etc. 1998
300 ## - PHYSICAL DESCRIPTION
Extent xi, 95p.:ill.
350 ## - PRICE (NR) (BK AM CF MU VM SE) [OBSOLETE]
Price 0.00
490 ## - SERIES STATEMENT
Series statement World Bank Technical Papers
650 ## - SUBJECT ADDED ENTRY--TOPICAL TERM
Topical term or geographic name entry element PACIFIC SETTLEMENT OF INTERNATIONAL DISPUTES
650 #0 - SUBJECT ADDED ENTRY--TOPICAL TERM
Topical term or geographic name entry element WATER RESOURCES DEVELOPMENT--INTERNATIONAL COOPERATION
650 ## - SUBJECT ADDED ENTRY--TOPICAL TERM
Topical term or geographic name entry element INTERNATIONAL LAKES
650 ## - SUBJECT ADDED ENTRY--TOPICAL TERM
Topical term or geographic name entry element INTERNATIONAL RIVERS
700 ## - ADDED ENTRY--PERSONAL NAME
Personal name Boisson de chazournes, Laurence
710 ## - ADDED ENTRY--CORPORATE NAME
Corporate name or jurisdiction name as entry element World Bank
995 ## - RECOMMENDATION 995 [LOCAL, UNIMARC FRANCE]
-- 0.00
-- CBU-MAIN LIBRARY (Kitwe)
-- 1
-- 0.00
-- 414
-- AVAILABLE
-- Oct 29, 2008
-- International Publications
Holdings
Withdrawn status Lost status Source of classification or shelving scheme Damaged status Not for loan Home library Current library Shelving location Date acquired Total Checkouts Full call number Barcode Date last seen Price effective from Koha item type
          CBU-MAIN LIBRARY, KITWE. CBU-MAIN LIBRARY, KITWE.   11/30/2022   IBRD(08)TP 023598 11/30/2022 11/30/2022 MONOGRAPH